Ročné vysporiadanie odpočtu dane za rok 1999

Zmeny, ktoré prináša novelizovaný zákon č. 289/1995 Z.z. o dani z pridanej hodnoty, ktorý ukladá platiteľovi dane povinnosť použiť pri ročnom vysporiadaní odpočtu dane za rok 1999 pri výpočte koeficientu spôsob podľa par. 21 zákona účinného od 1. apríla 1999. Zmeny pri výpočte koeficientu, týkajúce...

Descrizione completa

Salvato in:
Dettagli Bibliografici
Autore principale: Jablonková, Zdenka
Natura: Capitolo di libro
Lingua:slovacco
Soggetti:
Tags: Aggiungi Tag
Nessun Tag, puoi essere il primo ad aggiungerne!!

MARC

LEADER 00000naa a2200000 4500
001 r037482
005 20231003083552.4
041 0 |a slo 
044 |a SK 
245 1 0 |a Ročné vysporiadanie odpočtu dane za rok 1999  |c Zdenka Jablonková 
520 |a Zmeny, ktoré prináša novelizovaný zákon č. 289/1995 Z.z. o dani z pridanej hodnoty, ktorý ukladá platiteľovi dane povinnosť použiť pri ročnom vysporiadaní odpočtu dane za rok 1999 pri výpočte koeficientu spôsob podľa par. 21 zákona účinného od 1. apríla 1999. Zmeny pri výpočte koeficientu, týkajúce sa dosiahnutia úrokov z peňažných prostriedkov na účte v banke a prevodu cenných papierov. 
610 2 0 |a odpočet dane 
610 2 0 |a dane z hodnoty pridanej 
610 2 0 |a novelizácia 
610 2 0 |a zákony 
610 2 0 |a Slovensko 
610 2 0 |a apríl 
610 2 0 |a 1999 
100 1 |a Jablonková, Zdenka